The manager's desk reference / (Record no. 366)

MARC details
000 -LEADER
fixed length control field 00691nam a2200217 a 4500
001 - CONTROL NUMBER
control field 366
005 - DATE AND TIME OF LATEST TRANSACTION
control field 20221127085925.0
008 - FIXED-LENGTH DATA ELEMENTS--GENERAL INFORMATION
fixed length control field 050920s lxxu | 00100 eng d
020 ## - INTERNATIONAL STANDARD BOOK NUMBER
International Standard Book Number 0814403425 :
Terms of availability SR100.00
035 ## - SYSTEM CONTROL NUMBER
System control number 379
082 04 - DEWEY DECIMAL CLASSIFICATION NUMBER
Classification number 658.3
Item number B459 1996
100 1# - MAIN ENTRY--PERSONAL NAME
Personal name Berryman-Fink, Cynthia.
245 14 - TITLE STATEMENT
Title The manager's desk reference /
Statement of responsibility, etc. Cynthia Berryman-Fink, Charles Fink.
250 ## - EDITION STATEMENT
Edition statement 2nd ed.
260 ## - PUBLICATION, DISTRIBUTION, ETC.
Place of publication, distribution, etc. New York :
Name of publisher, distributor, etc. AMACOM(American Management Association),
Date of publication, distribution, etc. 1996.
300 ## - PHYSICAL DESCRIPTION
Extent ix, 370 p. ;
Dimensions 24 cm.
504 ## - BIBLIOGRAPHY, ETC. NOTE
Bibliography, etc. note Includes bibl. references and index.
650 #4 - SUBJECT ADDED ENTRY--TOPICAL TERM
Topical term or geographic name entry element Personnel management
650 #4 - SUBJECT ADDED ENTRY--TOPICAL TERM
Topical term or geographic name entry element Management
Form subdivision Handbooks, manuals, etc.
700 1# - ADDED ENTRY--PERSONAL NAME
Personal name Fink, Charles B.,
Relator term jt. auth.
Holdings
Withdrawn status Lost status Source of classification or shelving scheme Damaged status Not for loan Home library Current library Date acquired Total Checkouts Full call number Barcode Date last seen Copy number Price effective from Koha item type
          CENTRAL CENTRAL 11/27/2022   658.3 B459 1996 1000000000096 11/27/2022 C2 11/27/2022 Book
          KHOBAR KHOBAR 11/27/2022   658.3 B459 1996 1000000000095 11/27/2022 C1 11/27/2022 Book